[Event "Viljandi Valgmae Memorial"]
[Site "Viljandi"]
[Date "2022.07.02"]
[Round "1"]
[White "Kanep, Meelis"]
[Black "Dzjuba, Jegor"]
[Result "1-0"]
[WhiteElo "2417"]
[BlackElo "1495"]
[PlyCount "93"]
[EventDate "2022.07.02"]
[EventType "swiss (rapid)"]
[EventRounds "9"]
[EventCountry "EST"]
[SourceTitle "CBM 209 Extra"]
[Source "ChessBase"]
[SourceDate "2022.09.30"]
[SourceVersion "1"]
[SourceVersionDate "2022.09.30"]
[SourceQuality "1"]

1. d4 e6 2. c4 d5 3. Nc3 Nf6 4. Nf3 Be7 5. Bg5 h6 6. Bxf6 Bxf6 7. e3 0-0 8. Qc2 dxc4 9. Bxc4 b6 10. Bd3 Bb7 11. Be4 Nc6 12. a3 Na5 13. 0-0 Rc8 14. Rfd1 Qe7 15. b4 Bxe4 16. Nxe4 Nb7 17. Nxf6+ Qxf6 18. Ne5 Qg5 19. f4 Qh5 20. Nc6 Rfe8 21. Nxa7 Ra8 22. Nc6 Nd6 23. a4 Nf5 24. Re1 Ne7 25. Nxe7+ Rxe7 26. Qc6 Qd5 27. Qxd5 exd5 28. Kf2 Kf8 29. Rec1 Ke8 30. a5 Re6 31. Rxc7 bxa5 32. Rxa5 Rxa5 33. bxa5 Rd6 34. Kf3 g5 35. g4 gxf4 36. exf4 Re6 37. Rc5 Rd6 38. f5 Ke7 39. Kf4 Kf6 40. Rb5 Kg7 41. Rb6 Rd8 42. a6 Ra8 43. Ke5 f6+ 44. Kxd5 Rd8+ 45. Rd6 Rc8 46. a7 Ra8 47. Rd7+ 1-0